La quimera del oro / (Registro nro. 8484)

Detalles MARC
000 -LIDER
fixed length control field 00915nam a22003017a 4500
003 - IDENTIFICACDOR DE NÚMERO DE CONTROL
control field DO-SdBNP
005 - DATE AND TIME OF LATEST TRANSACTION
control field 20180126105813.0
008 - ELEMENTOS DE LONGITUD FIJA
fixed length control field 151028b sp 1989 |||| |||| 00| 0 spa d
020 ## - ISBN
International Standard Book Number 9788420734187
040 ## - FUENTE DE CATALOGACIÓN
Agencia que crea de manera original el registro BPMSU
Idioma de catalogación spa
Agencia que realiza la transcripción BPMSU
092 ## - LOCALLY ASSIGNED DEWEY DECIMAL CALL NUMBER
Número de clasificación xxxxxxx
Número de ítem (Cutter) xxxxxxx
100 10 - ASIENTO PRINCIPAL -- NOMBRE PERSONAL
Nombre personal London, Jack,
Fechas asociadas con el nombre 1876-1916
245 14 - MENCIÓN DE TITULO
Título La quimera del oro /
Mención de responsabilidad Jack London ; traducción Jacinta Romano ; ilustración Justo Barboza
250 ## - MENCIÓN DE EDICION
Mención de edición 5a ed.
260 ## - PUBLICACIÓN, DISTRIBUCIÓN, ETC. (PIE DE IMPRENTA)
Lugar de publicación, distribución, etc Madrid, España :
Nombre del editor, distribuidor, etc. Anaya,
Fecha de publicación, distribución, etc 1989.
300 ## - DESCRIPCIÓN FÍSICA
Extensión 255 p. :
Materiales especificados il.,
Enlace 19 cm.
490 1# - MENCIÓN DE SERIES
Mención de serie Tus libros
490 10 - MENCIÓN DE SERIES
Mención de serie Aventura
Volume/sequential designation 3
504 ## - NOTA DE BIBLIOGRAFÍA, ETC.
Bibliography, etc Incluye notas y referencias bibliográficas al pie de las páginas
504 ## - NOTA DE BIBLIOGRAFÍA, ETC.
Bibliography, etc Bibliografías : p. 252-255
700 1# - ASIENTO SECUNDARIO -- NOMBRE PERSONAL
Nombre personal Romano, Jacinta,
Mención de responsabilidad tr.
700 10 - ASIENTO SECUNDARIO -- NOMBRE PERSONAL
Nombre personal Barboza, Justo,
Mención de responsabilidad il.
830 #0 - ASIENTO SECUNDARIO DE SERIE--TÍTULO UNIFORME
Título uniforme Tus libros
830 00 - ASIENTO SECUNDARIO DE SERIE--TÍTULO UNIFORME
Título uniforme Aventura
Número de la parte o sección de una obra 3
942 ## - ADDED ENTRY ELEMENTS (KOHA)
Source of classification or shelving scheme Dewey Decimal Classification
Koha item type Libros
945 ## - INFORMACIÓN DE PROCESAMIENTO LOCAL
Información de procesamiento local Inventariado, 2018 / BT
956 ## - LOCAL ELECTRONIC LOCATION AND ACCESS (OCLC)
Nombre de host BTAVAREZ
Existencias
Withdrawn status Lost status Source of classification or shelving scheme Damaged status Not for loan Collection code Home library Current library Date acquired Source of acquisition Total Checkouts Barcode Date last seen Price effective from Koha item type
    Dewey Decimal Classification     Colección Juvenil General Biblioteca Pública Metropolitana Salomé Ureña Biblioteca Pública Metropolitana Salomé Ureña 10/28/2015 COMPRA   BPMSU15100215 10/28/2015 10/28/2015 Libros